000 00455nam a2200181Ia 4500
008 240925s9999 xx 000 0 und d
020 _aNA
082 _a510 SHA
100 _aShahane -
245 0 _aEngineering & B.Sc Mathematics
250 _aNA
260 _aPoona:
_bAllies Book
_cNA
300 _axxi,570p.
_bVIII
_fOriginal
500 _aIncludes Illustrations
600 _aHumanities & Natural Science
650 _aMathematics
942 _cBK
999 _c6137
_d6137